| 000 | 00398nam a22001697a 4500 | ||
|---|---|---|---|
| 005 | 20160620121805.0 | ||
| 008 | 160620b xxu||||| |||| 00| 0 eng d | ||
| 020 | _a978-81-203-3570-7 | ||
| 041 | _aeng | ||
| 082 | _b8495 | ||
| 100 |
_aKotler, Philip and koller, Keirn Lane _92295 |
||
| 245 | _aMarketing Management | ||
| 260 | _bPHI | ||
| 300 | _a662 | ||
| 650 |
_aManagement _9241 |
||
| 942 | _cBK | ||
| 999 |
_c3255 _d3254 |
||